[Event "Thueringer Wald Schach-Cup 14th"]
[Site "Gotha"]
[Date "2012.11.10"]
[Round "6"]
[White "Meul, Willi"]
[Black "Schulze, Frank"]
[Result "1/2-1/2"]
[WhiteElo "1869"]
[BlackElo "1663"]
[PlyCount "70"]
[EventDate "2012.11.07"]
[EventType "swiss"]
[EventRounds "7"]
[EventCountry "GER"]
[SourceTitle "EXT 2013"]
[Source "ChessBase"]
[SourceDate "2012.11.22"]
[SourceVersion "1"]
[SourceVersionDate "2012.11.22"]
[SourceQuality "1"]

1. d4 Nf6 2. Nf3 g6 3. c4 Bg7 4. Nc3 0-0 5. e4 d6 6. Be2 Nc6 7. Be3 a6 8. d5 Ne5 9. Nxe5 dxe5 10. Qd2 Ng4 11. Bxg4 Bxg4 12. f3 Bd7 13. 0-0 c6 14. Rfd1 Qc7 15. Rac1 Rad8 16. Qf2 Qb8 17. Bb6 Rc8 18. Rd3 f5 19. Qd2 c5 20. a4 Qd6 21. a5 Qf6 22. Qe3 g5 23. Bxc5 Bh6 24. Qf2 g4 25. Rf1 fxe4 26. Nxe4 Qg6 27. Qh4 gxf3 28. Rdxf3 Rxf3 29. Rxf3 Bf4 30. Qxe7 Qxe4 31. Qxd7 Rxc5 32. Qe8+ Kg7 33. Qe7+ Kg8 34. Qe8+ Kg7 35. Qe7+ Kg8 1/2-1/2

[Event "Thueringer Wald Schach-Cup 14th"]
[Site "Gotha"]
[Date "2012.11.08"]
[Round "2"]
[White "Horatschek, Peter"]
[Black "Schulze, Frank"]
[Result "1-0"]
[WhiteElo "1850"]
[BlackElo "1663"]
[PlyCount "33"]
[EventDate "2012.11.07"]
[EventType "swiss"]
[EventRounds "7"]
[EventCountry "GER"]
[SourceTitle "EXT 2013"]
[Source "ChessBase"]
[SourceDate "2012.11.22"]
[SourceVersion "1"]
[SourceVersionDate "2012.11.22"]
[SourceQuality "1"]

1. Nf3 Nf6 2. g3 g6 3. Bg2 Bg7 4. 0-0 0-0 5. d4 d5 6. c4 e6 7. Nc3 Nc6 8. h3 a6 9. Re1 Ne4 10. cxd5 exd5 11. Bf4 Be6 12. Rc1 Qd7 13. Nxe4 dxe4 14. Ng5 Bd5 15. Nxe4 Bxe4 16. Bxe4 Nxd4 17. e3 1-0

[Event "Thueringer Wald Schach-Cup 14th"]
[Site "Gotha"]
[Date "2012.11.08"]
[Round "3"]
[White "Schulze, Frank"]
[Black "Schwarz, Hilmar"]
[Result "0-1"]
[WhiteElo "1663"]
[BlackElo "1892"]
[PlyCount "62"]
[EventDate "2012.11.07"]
[EventType "swiss"]
[EventRounds "7"]
[EventCountry "GER"]
[SourceTitle "EXT 2013"]
[Source "ChessBase"]
[SourceDate "2012.11.22"]
[SourceVersion "1"]
[SourceVersionDate "2012.11.22"]
[SourceQuality "1"]

1. e4 e5 2. Nf3 Nc6 3. Bc4 Nf6 4. Ng5 Bc5 5. Bxf7+ Ke7 6. Bb3 Rf8 7. 0-0 Qe8 8. d3 Qg6 9. Nf3 d6 10. Nh4 Qe8 11. Nf5+ Bxf5 12. exf5 Nd4 13. Be3 Nxb3 14. axb3 Nd5 15. Bxc5 dxc5 16. Qg4 Rf7 17. Re1 Kf8 18. Qc4 Rd8 19. Qxc5+ Kg8 20. c4 b6 21. Qa3 Nf4 22. Qa4 Qe7 23. Nc3 Qg5 24. g3 Nxd3 25. Re2 Qxf5 26. Rf1 Rf6 27. Nd5 Re6 28. Nxc7 Rh6 29. c5 Nf4 30. Qc4+ Kh8 31. gxf4 Qg4+ 0-1

[Event "Jena Schwarzer Baer op"]
[Site "Jena"]
[Date "2009.02.07"]
[Round "4"]
[White "Bohatschek, Daniel"]
[Black "Schulze, Frank"]
[Result "1-0"]
[WhiteElo "1941"]
[BlackElo "1617"]
[PlyCount "47"]
[EventDate "2009.02.04"]
[EventType "swiss"]
[EventRounds "7"]
[EventCountry "GER"]
[SourceTitle "EXT 2010"]
[Source "ChessBase"]
[SourceDate "2010.11.25"]
[SourceVersion "1"]
[SourceVersionDate "2010.11.25"]
[SourceQuality "1"]

1. e4 e5 2. Bc4 Nf6 3. Nc3 Nc6 4. Nf3 d6 5. Ng5 Be6 6. Nxe6 fxe6 7. Bxe6 Nd4 8. Bh3 Be7 9. d3 0-0 10. 0-0 Qe8 11. Ne2 Nxe2+ 12. Qxe2 Qf7 13. f4 Rad8 14. f5 d5 15. g4 dxe4 16. dxe4 Bc5+ 17. Kh1 Rd4 18. Bg2 Rd7 19. g5 Nh5 20. Bf3 Nf4 21. Bxf4 exf4 22. Bg4 Rfd8 23. g6 Qe7 24. f6 1-0

[Event "Jena Schwarzer Baer op"]
[Site "Jena"]
[Date "2009.02.07"]
[Round "3"]
[White "Schulze, Frank"]
[Black "Lange, Martin"]
[Result "1-0"]
[WhiteElo "1617"]
[BlackElo "1799"]
[PlyCount "57"]
[EventDate "2009.02.04"]
[EventType "swiss"]
[EventRounds "7"]
[EventCountry "GER"]
[SourceTitle "EXT 2010"]
[Source "ChessBase"]
[SourceDate "2010.11.25"]
[SourceVersion "1"]
[SourceVersionDate "2010.11.25"]
[SourceQuality "1"]

1. e4 e6 2. Be2 d5 3. exd5 exd5 4. d4 Bd6 5. Nf3 Bf5 6. 0-0 Ne7 7. Bg5 0-0 8. Nbd2 c6 9. c4 dxc4 10. Nxc4 Be6 11. Nxd6 Qxd6 12. Re1 Re8 13. Qd2 Nd5 14. Bh4 f6 15. Bd3 Nd7 16. Bg3 Qb4 17. Qc2 Nf8 18. a3 Qb6 19. Bd6 g6 20. h4 Bg4 21. Nh2 Bd7 22. h5 Rxe1+ 23. Rxe1 Re8 24. Rxe8 Bxe8 25. hxg6 Nxg6 26. Qe2 Bf7 27. Ng4 Qxd4 28. Nh6+ Kg7 29. Nf5+ 1-0

[Event "Jena Schwarzer Baer op"]
[Site "Jena"]
[Date "2009.02.04"]
[Round "1"]
[White "Schulze, Frank"]
[Black "Schlachetka, Werner"]
[Result "1-0"]
[WhiteElo "1617"]
[BlackElo "2136"]
[PlyCount "83"]
[EventDate "2009.02.04"]
[EventType "swiss"]
[EventRounds "7"]
[EventCountry "GER"]
[SourceTitle "EXT 2010"]
[Source "ChessBase"]
[SourceDate "2010.11.25"]
[SourceVersion "1"]
[SourceVersionDate "2010.11.25"]
[SourceQuality "1"]

1. e4 c5 2. Nc3 Nc6 3. f4 d6 4. Nf3 g6 5. Be2 Bg7 6. 0-0 e6 7. d3 Nge7 8. Be3 Nd4 9. Bxd4 cxd4 10. Nb5 Qb6 11. c4 dxc3+ 12. d4 cxb2 13. Rb1 a6 14. Na3 d5 15. e5 Bd7 16. Qd2 0-0 17. Rxb2 Qa7 18. Rc1 Nc6 19. Nc2 Rfc8 20. a4 b6 21. Rcb1 Rcb8 22. h4 Bf8 23. h5 Na5 24. hxg6 hxg6 25. Ne3 Bxa4 26. Ng5 Be7 27. Nxf7 Kxf7 28. f5 gxf5 29. Bh5+ Kg7 30. g4 Nc4 31. Nxc4 dxc4 32. gxf5 exf5 33. Qg2+ Kh8 34. Qh3 Bg5 35. Qxf5 Qg7 36. Rh2 Be3+ 37. Kh1 Bc6+ 38. Bf3+ Bh6 39. Bxc6 Qh7 40. Qf6+ Bg7 41. Rxh7+ Kxh7 42. Qh4+ 1-0

[Event "Jena Fair op 8th"]
[Site "Jena"]
[Date "2008.10.18"]
[Round "6"]
[White "Schulze, Frank"]
[Black "Koehler, Denny"]
[Result "1-0"]
[WhiteElo "1617"]
[BlackElo "1390"]
[PlyCount "83"]
[EventDate "2008.10.15"]
[EventType "swiss"]
[EventRounds "9"]
[EventCountry "GER"]
[SourceTitle "EXT 2009"]
[Source "ChessBase"]
[SourceDate "2008.11.26"]
[SourceVersion "1"]
[SourceVersionDate "2008.11.26"]
[SourceQuality "1"]

1. e4 e6 2. Be2 d5 3. exd5 exd5 4. d4 Nc6 5. c3 Bd6 6. Nf3 Bg4 7. Be3 Qd7 8. Nbd2 0-0-0 9. 0-0 f5 10. Ne5 Bxe2 11. Qxe2 Bxe5 12. dxe5 Re8 13. f4 Nh6 14. h3 Nf7 15. Qf2 a6 16. Nb3 Qd8 17. Nd4 Nxd4 18. Bxd4 g5 19. e6 Rxe6 20. Bxh8 Qxh8 21. fxg5 Nd6 22. Qd4 Qxd4+ 23. cxd4 Ne4 24. Rxf5 c6 25. Kh2 Rg6 26. h4 h6 27. gxh6 Rxh6 28. h5 Nd6 29. Rf8+ Kc7 30. g4 Nc4 31. b3 Ne3 32. Kg3 Nc2 33. Rd1 Re6 34. g5 Re3+ 35. Rf3 Re4 36. Rf4 Re3+ 37. Kg4 Re2 38. h6 Ne3+ 39. Kh5 Nxd1 40. h7 Re8 41. g6 Rh8 42. Kh6 1-0

[Event "Bad Harzburg op"]
[Site "Bad Harzburg"]
[Date "2007.10.26"]
[Round "6"]
[White "Schulze, Frank"]
[Black "Ramme, Christoph"]
[Result "0-1"]
[WhiteElo "1583"]
[BlackElo "2059"]
[PlyCount "68"]
[EventDate "2007.10.23"]
[EventType "swiss"]
[EventRounds "7"]
[EventCountry "GER"]
[SourceTitle "EXT 2009"]
[Source "ChessBase"]
[SourceDate "2008.11.26"]
[SourceVersion "1"]
[SourceVersionDate "2008.11.26"]
[SourceQuality "1"]

1. e4 c5 2. Nc3 Nc6 3. f4 e6 4. Nf3 Nf6 5. d3 d5 6. e5 Nd7 7. Be2 f6 8. 0-0 Be7 9. exf6 Nxf6 10. Ne5 Qb6 11. Na4 Qc7 12. Ng4 Bd7 13. Be3 Nxg4 14. Bxg4 d4 15. Bf2 b5 16. Bg3 0-0 17. f5 e5 18. f6 gxf6 19. Bf5 Bxf5 20. Rxf5 bxa4 21. Qg4+ Kh8 22. Raf1 Rg8 23. Qe4 Rg6 24. Rh5 Rag8 25. Qh4 R8g7 26. Qe4 Qd7 27. Rf2 Rg4 28. Qf3 R4g5 29. Rh6 R5g6 30. Rh5 Qe6 31. Rf5 Rg5 32. Rxg5 Rxg5 33. Bh4 Rg6 34. Qe4 f5 0-1

[Event "Muehlhaeusen op"]
[Site "Muehlhausen"]
[Date "2007.05.19"]
[Round "6.21"]
[White "Schulze, Frank"]
[Black "Wunden, Hendrik"]
[Result "0-1"]
[WhiteElo "1541"]
[BlackElo "1664"]
[PlyCount "50"]
[EventDate "2007.05.16"]
[EventType "swiss"]
[EventRounds "7"]
[EventCountry "GER"]
[SourceTitle "CBM 118 Extra"]
[Source "ChessBase"]
[SourceDate "2007.07.04"]
[SourceVersion "1"]
[SourceVersionDate "2007.07.04"]
[SourceQuality "1"]

1. e4 e6 2. d4 d5 3. exd5 exd5 4. Be2 Bd6 5. Nf3 Ne7 6. 0-0 Bf5 7. Bg5 c6 8. Nc3 Qc7 9. Re1 0-0 10. Bd3 Bg4 11. h3 Be6 12. Bxe7 Bxe7 13. Ne5 Nd7 14. Qh5 Nf6 15. Qe2 Bd6 16. f4 Rae8 17. g4 g6 18. f5 Bc8 19. fxg6 fxg6 20. Bxg6 hxg6 21. Qd3 Ne4 22. Nxe4 dxe4 23. Qxe4 Bxe5 24. Qxg6+ Qg7 25. Qxg7+ Bxg7 0-1

[Event "Muehlhaeusen op"]
[Site "Muehlhausen"]
[Date "2007.05.17"]
[Round "2.28"]
[White "Schulze, Frank"]
[Black "Wolf, Verena"]
[Result "1-0"]
[WhiteElo "1541"]
[BlackElo "896"]
[PlyCount "75"]
[EventDate "2007.05.16"]
[EventType "swiss"]
[EventRounds "7"]
[EventCountry "GER"]
[SourceTitle "CBM 118 Extra"]
[Source "ChessBase"]
[SourceDate "2007.07.04"]
[SourceVersion "1"]
[SourceVersionDate "2007.07.04"]
[SourceQuality "1"]

1. e4 e5 2. Nf3 Nc6 3. Bc4 Nf6 4. Nc3 a6 5. 0-0 Bb4 6. Re1 Bxc3 7. bxc3 d6 8. d4 0-0 9. Ba3 Re8 10. Qe2 d5 11. exd5 Nxd5 12. dxe5 Bg4 13. Qe4 Bxf3 14. Qxf3 Rxe5 15. Rxe5 Nxe5 16. Qxd5 Nxc4 17. Qxc4 b5 18. Qg4 Qd2 19. Rd1 Qxc3 20. Qe4 Rc8 21. Qd3 Qxd3 22. Rxd3 Re8 23. g3 h6 24. Kf1 c5 25. Bxc5 Rc8 26. Rd5 b4 27. Bxb4 Rxc2 28. a3 Rc6 29. Rd8+ Kh7 30. h4 Rb6 31. Ke2 Rb5 32. Ra8 Re5+ 33. Kd3 Re6 34. Rd8 Rf6 35. Bc5 Rf5 36. Kc4 Re5 37. Rd6 Re4+ 38. Bd4 1-0

[Event "Gotha op 8th"]
[Site "Gotha"]
[Date "2006.11.14"]
[Round "3"]
[White "Fischer, Gerd"]
[Black "Schulze, Frank"]
[Result "1-0"]
[WhiteElo "2149"]
[BlackElo "1541"]
[PlyCount "49"]
[EventDate "2006.11.13"]
[EventType "swiss"]
[EventRounds "9"]
[EventCountry "GER"]
[SourceTitle "EXT 2008"]
[Source "ChessBase"]
[SourceDate "2007.11.25"]
[SourceVersion "1"]
[SourceVersionDate "2007.11.25"]
[SourceQuality "1"]

1. f4 d5 2. Nf3 Bg4 3. e3 Nf6 4. Be2 c5 5. 0-0 Nc6 6. d4 e6 7. c3 Bd6 8. Nbd2 0-0 9. Ne5 Bf5 10. Qe1 c4 11. Bf3 Qc7 12. e4 dxe4 13. Nxe4 Nxe4 14. Bxe4 Bxe4 15. Qxe4 Bxe5 16. fxe5 Ne7 17. Bg5 Ng6 18. Rf2 b5 19. Raf1 a5 20. h4 h6 21. h5 Nh8 22. Bd2 f5 23. exf6 Qg3 24. f7+ Nxf7 25. Rxf7 1-0

[Event "Gotha op 8th"]
[Site "Gotha"]
[Date "2006.11.13"]
[Round "1"]
[White "Dorawa, Bernhard"]
[Black "Schulze, Frank"]
[Result "1-0"]
[WhiteElo "2096"]
[BlackElo "1541"]
[PlyCount "47"]
[EventDate "2006.11.13"]
[EventType "swiss"]
[EventRounds "9"]
[EventCountry "GER"]
[SourceTitle "EXT 2008"]
[Source "ChessBase"]
[SourceDate "2007.11.25"]
[SourceVersion "1"]
[SourceVersionDate "2007.11.25"]
[SourceQuality "1"]

1. e4 e5 2. Nf3 Nf6 3. Nc3 d6 4. d4 exd4 5. Nxd4 Be7 6. Be2 Nbd7 7. 0-0 Nc5 8. Bf3 0-0 9. Nb3 Nxb3 10. axb3 a6 11. Be3 Be6 12. e5 dxe5 13. Bxb7 Rb8 14. Bxa6 c5 15. Qxd8 Rfxd8 16. Na4 Nd7 17. Rfd1 f5 18. f3 Kf7 19. Rd2 g5 20. Rad1 f4 21. Bf2 h5 22. Bc4 Bxc4 23. bxc4 Ke8 24. b3 1-0